000 00923nas a2200265 454500
001 28211
005 20260407193507.0
008 260407s1995####ag###########|||spa#d
003 AR-UNSa-BCEJYS
040 _aAR-UNSa-BCEJYS
_bspa
_cAR-UNSa-BCEJYS
080 _a336.71
_xBancos. Sistema bancario
245 1 0 _aInforme al Congreso de la Nación
022 _a0325-0261
264 1 _aBuenos Aires :
_bBanco Central de la República Argentina
_c1995
310 _aFrecuencia: Anual
942 _cSER
590 _aniveau_biblio:s niveau_hierar:1
100 1 _aBanco Central de la República Argentina
650 _aEstadísticas económicas
650 _aBANCOS
650 _aDatos estadísticos
650 _aBANCO CENTRAL
650 _aINDICADORES ECONOMICOS
856 4 1 _uhttps://biblioeco.unsa.edu.ar/pmb/images/revistas/Informe al Honarable Congreso de la Naci?n a?or 2013-r00408.jpg
_yImagen de portada
_qimage/jpeg
999 _c8640
_d8640